MARC

LEADER 00000nam0a2200000 4500
001 353950
005 20231102010637.0
035 |a (RuTPU)RU\TPU\retro\11208 
090 |a 353950 
100 |a 20200608d1960 k y0rusy50 ca 
101 0 |a rus 
102 |a LV 
105 |a a z 100zy 
200 1 |a Вопросы теории, приложений и методики преподавания начертательной геометрии  |e труды Рижской научно-методической конференции, июнь 1957 г.  |f Рижский институт инженеров гражданской авиации ; под ред. Л. Н. Лихачева 
210 |a Рига  |c Советская Латвия  |d 1960 
215 |a 431 с.  |c ил. 
316 |5 63413507: ШкА2/4197  |a На титульном листе дарственная надпись: "Научно-технической библиотеке Томского ордена Трудового Красного Знамени политехнического института им. С. М. Кирова от одного из авторов (стр. 239-247). Доц. Воскресенский. 3 мая 1966 г." 
606 1 |a Начертательная геометрия  |x Методика преподавания  |2 stltpush  |3 (RuTPU)RU\TPU\subj\71153  |9 85189 
610 1 |a графические дисциплины 
610 1 |a ВТУЗы 
610 1 |a преподавание 
610 1 |a инженерная графика 
610 1 |a НИР 
610 1 |a научно-исследовательская деятельность 
610 1 |a черчение 
610 1 |a аксонометрия 
610 1 |a теория поверхностей 
610 1 |a графические построения 
610 1 |a механизация 
610 1 |a конференции 
610 1 |a дары библиотеке 
610 1 |a коллекция ТПУ 
610 1 |a дарственные надписи 
610 1 |a дары автора 
675 |a 514.18(063)  |v 4 
702 1 |a Лихачев  |b Л. Н.  |4 340 
712 0 2 |a Рижский институт инженеров гражданской авиации им. Ленинского комсомола  |2 stltpush  |3 (RuTPU)RU\TPU\col\8524  |9 24545 
712 1 2 |a Вопросы теории, приложений и методики преподавания начертательной геометрии  |c конференция  |e Рига  |f 1957  |4 570 
801 1 |a RU  |b 63413507  |c 20200608 
801 2 |a RU  |b 63413507  |c 20200618  |g RCR 
942 |c BK